マリオカートDS カート - Statistics

General Stats
  • This quiz has been taken 33 times
  • The average score is 12 of 36
Answer Stats
キャラクター Answer % Correct
マリオ Bダッシュ
89%
ヨッシー エッグ・ワン
70%
ルイージ オバキューム
67%
カロン カロン・カノン
63%
マリオ スタンダードMR
52%
キノピオ マッシュ
48%
ルイージ スタンダードLG
48%
クッパ スタンダードKP
44%
ピーチ スタンダードPC
44%
ワルイージ スタンダードWL
44%
ヨッシー スタンダードYS
44%
ヨッシー キューカンバー
41%
ドンキーコング スタンダードDK
41%
キノピオ スタンダードKO
41%
ルイージ ストリームライン
33%
クッパ タイラント
33%
デイジー スタンダードDS
33%
ワリオ スタンダードWA
33%
カロン スタンダードKA
30%
マリオ シューティング・スター
26%
キノピオ フォー・ホイール・クレイドル
26%
ピーチ ピアレス
22%
カロン バニッシュ
22%
HVC-012 スタンダードRB
22%
ドンキーコング ジャングルカーゴ
19%
ワリオ ブルータル
19%
クッパ ハリケーン
19%
ドンキーコング ワイルドライフ
15%
ワリオ ドラゴンフライ
15%
デイジー フラウリィ
15%
ワルイージ ゴールド・マンティス
15%
ワルイージ トリッパー
15%
ピーチ ライトステップPC
11%
デイジー ライトステップDS
7%
HVC-012 HVC-LGS
7%
HVC-012 HVC-BLS
4%
No matching quizzes found
Score Distribution
Percent of People with Each Score
Percentile by Number Answered
Your Score History
You have not taken this quiz